00823 2200289 4500001002100000005001700021008004100038020001900079035002400098082001200122090002200134100002000156245008400176250001200260260003500272300002800307440003900335500002600374650003100400700001300431700002300444850001500467985000600482999001500488999001500503999001500518YOGYA-0209000002878520090227024250.0 ind  a979-8031-091-1 0010-020900000028785 a658.022 a658.022bWib PlT aWIBOWO, Singgih aPedoman mengelola perusahaan kecilcSinggih Wibowo, Murdinah, Yusro Nuri Fawzya aCet. 14 aJakartabPenebar Swadayac1999 aii, 85 hlmbilusc21 cm aKoperasi dan wiraswasta-III/135/86 aBibliografi : hlm. 85 aIndustri kecil - Manajemen aMURDINAH aFawzya, Yusro Nuri aYOPDYOG(B) a3 a00P0004400 a00P0004401 a00P0004402